|
|
|
|
| LEADER |
04065nam a2200421 a 4500 |
| 001 |
0021069 |
| 003 |
BD-DhAAL |
| 008 |
100923s2010 dcua b 001 0 eng d |
| 010 |
|
|
|a 2009026838
|
| 020 |
|
|
|a 9781555814984 (hardcover)
|
| 040 |
|
|
|a DNLM/DLC
|c DLC
|d NLM
|d UKM
|d C#P
|d YDXCP
|d AGL
|d CDX
|d DLC
|d BD-DhAAL
|
| 082 |
0 |
0 |
|a 660.65
|2 22
|
| 100 |
1 |
|
|a Glick, Bernard R.
|9 25831
|
| 245 |
1 |
0 |
|a Molecular biotechnology :
|b principles and applications of recombinant DNA /
|c Bernard R. Glick, Jack J. Pasternak, Cheryl L. Patten.
|
| 250 |
|
|
|a Fourth edition.
|
| 260 |
|
|
|a Washington, DC :
|b ASM Press,
|c c2010.
|
| 300 |
|
|
|a xvii, 1000 pages :
|b color illustrations ;
|c 29 cm
|
| 504 |
|
|
|a Includes bibliographical references and index.
|
| 505 |
0 |
|
|a The development of molecular biotechnology -- DNA, RNA, and protein synthesis -- Recombinant DNA technology -- Chemical synthesis, amplification, and sequencing of DNA -- Bioinformatics, genomics, and proteomics -- Manipulation of gene expression in prokaryotes -- Heterologous protein production in eukaryotic cells -- Directed mutagenesis and protein engineering -- Molecular diagnostics -- Protein therapeutics -- Nucleic acids as therapeutic agents -- Vaccines -- Synthesis of commercial products by recombinant microorganisms -- Bioremediation and biomass utilization -- Plant growth-promoting bacteria -- Microbial insecticides -- Large-scale production of proteins from recombinant microorganisms -- Genetic engineering of plants : methodology -- Engineering plants to overcome biotic and abiotic stress -- Engineering plant quality and proteins -- Transgenic animals -- Regulating the use of biotechnology -- Societal issues in biotechnology.
|
| 526 |
|
|
|a MNS
|x Professor Naiyyum Choudhury
Department of Mathematics and Natural Sciences
BRAC University
Course No. BTE 101
|
| 541 |
1 |
|
|e 0021069, 0021070, 0021071, 0021072, 0021073
|a Friends' Book Corner
|
| 650 |
|
0 |
|a Biotechnology.
|9 25832
|
| 650 |
|
0 |
|a Genetic engineering.
|9 25833
|
| 650 |
|
0 |
|a Molecular biology.
|9 25834
|
| 650 |
1 |
2 |
|a Biotechnology.
|9 25832
|
| 650 |
2 |
2 |
|a Genetic Engineering.
|9 25835
|
| 650 |
2 |
2 |
|a Molecular Biology.
|9 25836
|
| 650 |
2 |
2 |
|a Pharmacy.
|9 44945
|
| 700 |
1 |
|
|a Pasternak, Jack J.
|9 25837
|
| 700 |
1 |
|
|a Patten, Cheryl L.
|9 25838
|
| 852 |
4 |
|
|a Ayesha Abed Library
|j General Stacks
|
| 942 |
0 |
0 |
|0 5
|2 ddc
|c BK
|
| 999 |
|
|
|c 9551
|d 9551
|
| 952 |
|
|
|0 0
|1 0
|2 ddc
|4 0
|6 660_650000000000000_GLI_2010
|7 0
|9 12067
|a BRACUL
|b BRACUL
|c GEN
|d 2010-09-23
|e Friends Book Corner
|g 703.00
|l 16
|m 146
|o 660.65 GLI
|p 3010021073
|q 2026-04-27
|r 2025-04-24
|s 2025-04-24
|t 5
|v 1406.00
|w 2010-09-23
|y BK
|x Requisitioned by Professor Naiyyum Choudhury (Department of Mathematics and Natural Sciences) for the course no. 'BTE 101'.
|
| 952 |
|
|
|0 0
|1 0
|2 ddc
|4 0
|6 660_650000000000000_GLI_2010
|7 0
|9 12068
|a BRACUL
|b BRACUL
|c GEN
|d 2010-09-23
|e Friends Book Corner
|g 703.00
|l 13
|m 124
|o 660.65 GLI
|p 3010021071
|r 2024-12-04
|s 2024-01-30
|t 3
|v 1406.00
|w 2010-09-23
|y BK
|x Requisitioned by Professor Naiyyum Choudhury (Department of Mathematics and Natural Sciences) for the course no. 'BTE 101'.
|
| 952 |
|
|
|0 0
|1 0
|2 ddc
|4 0
|6 660_650000000000000_GLI_2010
|7 0
|9 12069
|a BRACUL
|b BRACUL
|c GEN
|d 2010-09-23
|e Friends Book Corner
|g 703.00
|l 17
|m 121
|o 660.65 GLI
|p 3010021072
|r 2024-06-22
|s 2024-01-23
|t 4
|v 1406.00
|w 2010-09-23
|y BK
|x Requisitioned by Professor Naiyyum Choudhury (Department of Mathematics and Natural Sciences) for the course no. 'BTE 101'.
|
| 952 |
|
|
|0 0
|1 0
|2 ddc
|4 0
|6 660_650000000000000_GLI_2010
|7 0
|9 12070
|a BRACUL
|b BRACUL
|c GEN
|d 2010-09-23
|e Friends Book Corner
|g 703.00
|l 15
|m 93
|o 660.65 GLI
|p 3010021070
|r 2026-04-09
|s 2026-02-03
|t 2
|v 1406.00
|w 2010-09-23
|y BK
|x Requisitioned by Professor Naiyyum Choudhury (Department of Mathematics and Natural Sciences) for the course no. 'BTE 101'.
|
| 952 |
|
|
|0 0
|1 0
|2 ddc
|4 0
|6 660_650000000000000_GLI_2010
|7 0
|9 12071
|a BRACUL
|b BRACUL
|c GEN
|d 2010-09-23
|e Friends Book Corner
|g 703.00
|l 15
|m 123
|o 660.65 GLI
|p 3010021069
|r 2025-10-28
|s 2025-07-22
|t 1
|v 1406.00
|w 2010-09-23
|y BK
|x Requisitioned by Professor Naiyyum Choudhury (Department of Mathematics and Natural Sciences) for the course no. 'BTE 101'.
|